000 00511nam a2200193 a 4500
001 1770888359933
003 YourLibrary
005 20260212145936.0
008 260212s1968##################000#0#eng##
020 _a9780714622651
082 0 4 _a330
_bLAV
100 1 _aLavington, Frederick,
_eauthor.
245 1 0 _aThe English Capital Market :
260 _bPsychology Press,
_c1968.
300 _a306 pages
650 0 _aBusiness & Economics.
942 _cENGLISH
040 _aYourLibrary
_beng
_cYourLibrary
999 _c611999
_d611999